|
|
|
|
| LEADER |
00000nam a2200000Ii 4500 |
| 001 |
DIGSEXPIS0005 |
| 003 |
NyNyDIG |
| 006 |
m o d |
| 007 |
cr ||||||||||| |
| 008 |
230606s2011 sp o 000 f spa d |
| 035 |
|
|
|a (OCoLC)1382358573
|
| 040 |
|
|
|a DGITA
|b eng
|e rda
|e pn
|c DGITA
|
| 020 |
|
|
|a 9788416358298
|q eBook
|
| 020 |
|
|
|z 9788496867819
|
| 041 |
1 |
|
|a spa
|h fre
|
| 050 |
1 |
4 |
|a PQ2677.U486 ebook
|
| 100 |
1 |
|
|a Quignard, Pascal,
|e author.
|
| 240 |
1 |
0 |
|a Boutès.
|l Spanish
|s (Pardo Salgado and Morey)
|
| 245 |
1 |
0 |
|a Butes /
|c Pascal Quignard ; postfacio y traducción de Carmen Pardo y Miguel Morey.
|
| 250 |
|
|
|a Primera edición.
|
| 264 |
|
1 |
|a Madrid, España :
|b Sexto Piso,
|c [2011]
|
| 300 |
|
|
|a 1 online resource.
|
| 336 |
|
|
|a text
|b txt
|2 rdacontent
|
| 337 |
|
|
|a computer
|b c
|2 rdamedia
|
| 338 |
|
|
|a online resource
|b cr
|2 rdacarrier
|
| 347 |
|
|
|a text file
|2 rdaft
|
| 347 |
|
|
|b EPUB
|
| 588 |
0 |
|
|a Online resource; title from ePub title page (Digitalia, viewed June 6, 2023)
|
| 655 |
|
7 |
|a Fiction.
|2 lcgft
|
| 700 |
1 |
|
|a Pardo Salgado, Carmen,
|e translator,
|e contributor agent of text.
|
| 700 |
1 |
|
|a Morey, Miguel,
|e translator,
|e contributor agent of text.
|
| 700 |
1 |
|
|i Translation of:
|a Quignard, Pascal.
|t Boutès.
|
| 791 |
2 |
|
|a Digitalia (Firm),
|e distributor.
|
| 793 |
0 |
|
|g Digitalia eBook Collection:
|e ditorial Sexto Piso
|
| 776 |
0 |
8 |
|i Print version:
|a Quignard, Pascal.
|s Boutès. Spanish (Pardo Salgado and Morey).
|t Butes.
|b Primera edición.
|d Madrid, España : Sexto Piso, [2011]
|z 9788496867819
|
| 830 |
|
0 |
|a Narrativa Sexto Piso.
|
| 856 |
4 |
0 |
|3 Digitalia Hispánica
|u https://www.digitaliapublishing.com/a/81257/
|
| 910 |
|
|
|a Premium collection: 2023
|